Statistics for Top 10 US States with Lowest Income Inequality

Click here to take the quiz!

General Stats

  • This quiz has been taken 33 times
  • The average score is 6 of 10

Answer Stats

StateGini Coefficient% Correct
Alaska0.4081
86%
Hawaii0.4420
69%
Minnesota0.4496
66%
Wisconsin0.4498
55%
Iowa0.4451
52%
Nebraska0.4477
52%
South Dakota0.4495
52%
Utah0.4063
52%
New Hampshire0.4304
48%
Wyoming0.4360
38%

Score Distribution

Percentile by Number Answered

Percent of People with Each Score

Your Score History

You have not taken this quiz